| 000 | 00525nam a22001817a 4500 | ||
|---|---|---|---|
| 008 | 230421b |||||||| |||| 00| 0 eng d | ||
| 040 |
_aNational Science Library _cNational Science Library |
||
| 080 | _a61(05) | ||
| 245 | _aBiology of the schizophrenic process | ||
| 260 |
_aNew York: _bPlenum Press, _c1976 |
||
| 300 | _axi, 199p. | ||
| 490 | _aAdvances in behavioral biology | ||
| 650 | _aBiology | ||
| 653 | _aNeuroanatomical | ||
| 653 | _aBiochemical | ||
| 700 | _aNandy, Kalidas (Ed.) | ||
| 942 |
_2udc _cBK |
||
| 999 |
_c58215 _d58215 |
||